000 00595nam a22001817a 4500
999 _c12648
_d12648
008 190131b ||||| |||| 00| 0 eng d
020 _a971-542-291-8
082 _22001
_aDFil 899.211
_bP53
245 _athe origin of the duyong(Higilaynon)/
_cDamiana Eugenio [Compiler and Editor]
260 _aQuezon City:
_bUP Press;
_c©2001
300 _aPage 351-352;
_c22.5 cm.
500 _aPhilippine folk literature: The myths
650 _aMythology
_935803
650 _aLegends
_935804
650 _aPhilippine folk literature (English)
_935805
650 _aFolklore
_935806
942 _2ddc
_cDFIL